Regina International Airport Destinations (Regina, Canada) - Statistics

General Stats
  • This quiz has been taken 49 times
    16 since last reset
  • The average score is 10 of 15
Answer Stats
Airline Destination % Correct
WestJet/WestJet Encore Calgary
100%
WestJet Encore Edmonton
100%
Air Canada/WestJet Toronto (Pearson)
100%
Air Canada/Air Canada Express/WestJet Vancouver
100%
Air Canada Express Montréal (Trudeau)
93%
WestJet Encore Winnipeg
93%
Air Canada Express Saskatoon
86%
United Express Denver
64%
WestJet Halifax
64%
WestJet Cancún
57%
WestJet Encore Minneapolis/St. Paul
57%
WestJet Encore Kelowna
29%
WestJet Phoenix (Sky Harbor)
29%
WestJet Puerto Vallarta
29%
WestJet Las Vegas
21%
No matching quizzes found
Score Distribution
Percent of People with Each Score
Percentile by Number Answered
Your Score History
You have not taken this quiz since the last reset